00970cam a2200313 4500001000700000003000700007008004100014040001900055041000800074084001500082546001200097110005700109242001900166245001800185260004100203300001100244336001100255338001800266520014400284650002700428650002400455650003000479650002600509650003200535650003000567651001900597651002000616651002000636178644ItRFAO930101t1978 xxu||||| ||| 00| 0 d aItRFAOdItRFAO0 achi a631.47 C44 aChinese aAcademia Sinica, Nanking. Inst. of Soil Scienceleng00aSoils of China00a中国土壤  aNanking (China)bScience Pressc1978 a729 p. 2ItRFAO 2ItRFAOaBooks aDiagrs., maps (1 col. map in pocket, scale 1:10,000,000) plates (some col.), tables. Glossary of soil terms (Ch, En). Contents also in En 172agrovocaSOIL SCIENCES172agrovocaSOIL TYPES172agrovocfaSCIENCES DU SOL172agrovocfaTYPE DE SOL172agrovocsaCIENCIA DEL SUELO172agrovocsaTIPOS DE SUELOS 72agrovocaCHINA 72agrovocfaCHINE 72agrovocsaCHINA